=LDR 00000nam 2200000 4500 =001 INLIS000000000026516 =005 20130612124943 =008 ***********************************ind** =035 ##$$0010-061300000026516 =041 ##$$a ind =082 ##$$a 658.02 =090 ##$$a 658.02, REK p =100 ##$$a Reksohadiprodjo, Sukanto =245 ##$$a Perencanaan dan Organisasi Perusahaan, Sukanto Reksohadiprodjo =260 ##$$a 1998 $b Yogyakarta =300 ##$$a xvi, 201 hlm., 21 cm =650 ##$$a Manajemen Organisasi =850 ##$$a NBPNMAT